000 00399nam a2200157Ia 4500
008 240729s9999 xx 000 0 und d
022 _a2513-9231
245 0 _aSibbaldia
260 _aUnited Kingdom
260 _bRoyal Botanic Garden Edinburgh
650 _a Botany
650 _aScience
856 _uhttps://doaj.org/toc/88e304606acd4484a3cf23604fdc9f67
942 _2ddc
942 _cDOAJEJ
999 _c69547
_d69547
945 _a1
_bMadushi Gamage
_c1
_dMadushi Gamage